000 00623nam a2200181Ia 4500
008 151202s9999||||xx |||||||||||||| ||und||
082 _bPNVM-10514
100 _aआपटे गुरुजी.
245 _aअलौकिक अभियोग.
260 _b"महाराष्ट्र ग्रंथ भांडार,कोल्हापूर."
260 _c0
300 _a230
600 _aआपटे गुरुजी.
630 _aअलौकिक अभियोग.
700 _aआपटे गुरुजी.
730 _aअलौकिक अभियोग.
942 _cBOOK
999 _c1276501
_d1276498